00375pab a2200121 454500008004000000100002200040245010100062260000900163300001500172650002000187650002000207773002600227180718b2005 xxu||||| |||| 00| 0 eng d aSindzingre, Alice aReforms, structure or institutions? Assessing the determinants of growth in low-income countries c2005 ap.281-305. aEconomic growth aEconomic reform aThird World Quarterly